000 005120000a22002050004500
999 _c49110
_d49110
001 1959
003 CO-MdFUSB
005 20180503131629.0
008 180503b xxu||||| |||| 00| 0 eng d
020 _a84-246-0780-5
040 _cCO-MdBIC
082 0 4 _a056 Ar6d10
100 1 _aAránega, Susana
245 1 0 _aEl Agua / Susana Aránega ; Joan Portell ; Edición Núria González
260 _aBarcelona : La Galera
300 _a21p.
500 _aA partir de 3 años
650 1 4 _aAgua
942 _cLGB